00531nam a2200145Ia 4500008004100000020002200041040002900063050002300092100003900115245005600154260003900210942000700249952011600256999001300372221021s9999||||xx |||||||||||||| ||und|| a978- 929081- 3583 cChuka University Library aHD 30.3b.B43 2008 aBeamer Linda and Iris Varner 9360 0aIntercultural communication in the global workplace aNew DelhibTata mc graw hillc2008 cBK 001040708LGLaCHKbCHKcGENd2022-10-21l0oHD 30.3.B43 2008p9601/2013r2022-10-21 00:00:00w2022-10-21yBK c264d264